000 01027cam a2200289Ma 4500
005 20150819170246.0
008 100413s2010 xxua 001 0 eng d
020 _a9780899644257
020 _a0899644252
035 _a(OCoLC)710018290
040 _aCo-BoUCM
_bspa
_cSandra Palacio
_dSandra Palacio
041 0 _aeng
245 0 0 _aAlumni relations
_ba newcomer's guide to success
_cEditado por John A. Feudo
250 _a2a ed
260 _aWashington D.C. (Estados Unidos)
_bCASE
_c2010
300 _axiv, 336 páginas
_bilustraciones
500 _aIncluye índice
650 7 _aEstudiantes universitarios
_zEstados Unidos
_915169
650 7 _aEgresados universitarios
_zEstados Unidos
_913925
650 1 4 _aEducación superior
_913875
650 7 _aFormación profesional
_916048
690 _942917
_aTeoría de la educación
690 _942799
_aEducación superior
700 1 _aFeudo, John A.
_eeditor
_970855
942 _2DEWEY
_a10
_cLIBRO
_e2
_h378.194
_mA471
999 _c300463
_d300463